Cusco en la historia / (Record no. 21928)

000 -CABECERA
fixed length control field 01193nam a22002537a 4500
003 - IDENTIFICADOR DEL NÚMERO DE CONTROL
control field AR-CdUCM
008 - DATOS DE LONGITUD FIJA--INFORMACIÓN GENERAL
fixed length control field 190405b ||||| |||| 00| 0 spa d
040 ## - FUENTE DE LA CATALOGACIÓN
Agencia/entidad que catalogó originalmente la obra MUNICIPALIDAD PROVINCIAL DEL CUSCO
Entidad que transcribió la catalogación BIBLIOTECA MUNICIPAL DEL CUSCO
082 ## - NÚMERO DE LA CLASIFICACIÓN DECIMAL DEWEY
No. de Clasificación 985.61/N56
Notacion interna N56
245 ## - MENCIÓN DE TÍTULO
Título Cusco en la historia /
Mención de responsabilidad Luis Nieto Degregori, Fernando Ruiz Caro Villagarcía, Textos
260 ## - PUBLICACIÓN, DISTRIBUCIÓN, ETC.
Lugar de publicación, distribución, etc. Cusco :
Nombre de la editorial, distribuidor, etc. Caja Municipal de Ahorros y Crédito Cusco,
Fecha de publicación, distribución, etc. 2021.
300 ## - DESCRIPCIÓN FÍSICA
Nº de Páginas Extensión 118, [2] páginas. :
Otros detalles físicos il. (principalmente col.) ;
Dimensiones 25 x 30 cm.
505 ## - NOTA DE CONTENIDO CON FORMATO
Nota de contenido formateada Contenido: Cusco preincaico. -- Cusco Incaico. -- Las huacas del Cusco. -- El Cusco Colonial. -- La escuela cusqueña de pintura. -- La platería cusqueña. -- El Cusco republicano. La escuela cusqueña de fotografía. -- Cambios en la cultura urbana de Cusco. -- El Cusco del bicentenario.
650 ## - PUNTO DE ACCESO ADICIONAL DE MATERIA--TÉRMINO DE MATERIA
Descriptor Historia del Cusco
9 (RLIN) 1714
650 ## - PUNTO DE ACCESO ADICIONAL DE MATERIA--TÉRMINO DE MATERIA
Descriptor Historiografía cusqueña
9 (RLIN) 44102
650 ## - PUNTO DE ACCESO ADICIONAL DE MATERIA--TÉRMINO DE MATERIA
Descriptor Época preinca
9 (RLIN) 46884
650 ## - PUNTO DE ACCESO ADICIONAL DE MATERIA--TÉRMINO DE MATERIA
Descriptor Inkas
9 (RLIN) 1899
650 ## - PUNTO DE ACCESO ADICIONAL DE MATERIA--TÉRMINO DE MATERIA
Descriptor Época colonial
9 (RLIN) 46885
650 ## - PUNTO DE ACCESO ADICIONAL DE MATERIA--TÉRMINO DE MATERIA
Descriptor Época republicana
9 (RLIN) 202
650 ## - PUNTO DE ACCESO ADICIONAL DE MATERIA--TÉRMINO DE MATERIA
Descriptor Cusco Perú
9 (RLIN) 46886
710 ## - PUNTO DE ACCESO ADICIONAL--NOMBRE DE ENTIDAD CORPORATIVA
Nombre corporativo (En letras Mayúsculas) Caja Municipal de Ahorro y Crédito Cusco
9 (RLIN) 45737
942 ## - ELEMENTOS DE PUNTO DE ACCESO ADICIONAL (KOHA)
Fuente de clasificación
Tipo de item Libros-BMC
945 ## - PROCESAMIENTO DE INFORMACIÓN LOCAL (OCLC)
Catalogador r.a.c
Holdings
Estado de retiro (separado) Fuente de clasificación o esquema de estanterías Estado dañado Ubicación Sala donde se ubica Nombre de la colección Fecha de adquisición o compra Fuente de adquisición Costo, precio normal en soles Signatura topográfica Código de Barras Última vez visto (Koha) Tipo de ítem (Koha)
No     Sala Humanidades Sala Humanidades Book Cart 2022-01-03 Donación 40.00 985.61/N56 SH0000016168 2022-01-03 Libros-BMC
No     Sala Humanidades Sala Humanidades Book Cart 2022-01-03 Donación 40.00 985.61/N56/e.2 SH0000016169 2022-01-03 Libros-BMC

Powered by Koha